000 00987nam a2200301 i 4500
001 000039740
003 DO-SdBNP
005 20260129092801.0
007 ta
008 130718s2013 dr 000 f spa d
020 _a9789945165470
040 _aDO-SdBNP
_bspa
_cBNPHU
_erda
041 _aspa
082 4 _aRD863.44
_bJ86a 2013
_222
100 1 _aJovine Bermúdez, Federico,
_d1944-2017
_eautor
_4aut.
_925425
245 1 0 _aA la sombra del campeche /
_cFederico Jovine Bermúdez.
264 1 _aSanto Domingo :
_bAlambique de Letras Ediciones,
_c2013.
300 _a145 páginas ;
_c23 cm.
336 _atexto
_btxt
_2rdacontent
337 _asin mediación
_bn
_2rdamedia
338 _avolumen
_bnc
_2rdacarrier
500 _aIncluye datos biográficos del autor en la solapa de la cubierta
590 _aInventariado, 2019/VM
650 4 _aNovela dominicana
_9223
650 4 _aLiteratura dominicana
_967
910 _aValidado. Control de calidad. MMOLINA
942 _2ddc
_cLBS1
999 _c39230
_d39230